Statistics for FA CUP FIRSTS

Click here to take the quiz!

General Stats

  • This quiz has been taken 42 times
  • The average score is 3 of 9

Answer Stats

Hint Answer % Correct
Ivory CoastDrogba
92%
PortugalRonaldo
67%
NigeriaKanu
44%
FranceCantona
39%
ItalyDi matteo
33%
SwedenLjungberg
25%
NetherlandsMuhren
22%
SpainCazorla
8%
BrazilRamires
6%

Score Distribution

Percentile by Number Answered

Percent of People with Each Score

Your Score History

You have not taken this quiz